| 000 | 00714nam a2200205 4500 | ||
|---|---|---|---|
| 001 | 117351 | ||
| 003 | ES-MaACL | ||
| 005 | 20230906190903.0 | ||
| 007 | t| | ||
| 008 | 071121s1919 sp r ||||1| spa d | ||
| 100 | 1 |
_aPeñapareja, José. _990316 |
|
| 245 | 1 | 0 |
_aMujeres de mi época : _b(florilogio galante) / _cJosé Peñapareja ; prólogo de José Francos Rodríguez ; epílogo de Francisco Villaespesa. |
| 260 |
_aMadrid : _bAntonio Álvarez, _c1919. |
||
| 300 |
_a158 p. ; _c20 cm. |
||
| 650 | 4 |
_aMujeres- _xEn la literatura. _915271 |
|
| 700 | 1 |
_aFrancos Rodríguez, José, _d1862-1931 _952286 |
|
| 700 | 1 |
_aVillaespesa, Francisco. _9114917 |
|
| 852 |
_aES-MaACL _jG-10254 |
||
| 999 |
_c117351 _d117351 |
||